Zdroje ekonomického rastu vo vybraných krajinách Európskej únie bakalárska práca

Gespeichert in:
Bibliographische Detailangaben
1. Verfasser: Kubányi, Daniel
Körperschaft: Národohospodárska fakulta EU. Katedra hospodárskej politiky
Weitere Verfasser: Lábaj, Martin, 1982-
Format: Buch
Sprache:Slowakisch
Veröffentlicht: Bratislava 2015
Tags: Tag hinzufügen
Keine Tags, Fügen Sie das erste Tag hinzu!

MARC

LEADER 00000nbm a2200000 4500
001 0205096
005 20161212095026.8
041 0 |a slo 
044 |a SK 
245 1 0 |a Zdroje ekonomického rastu vo vybraných krajinách Európskej únie  |b bakalárska práca  |c Daniel Kubányi ; školiteľ: Martin Lábaj 
264 1 |a Bratislava  |c 2015 
300 |a 53 s. 
100 1 |a Kubányi, Daniel 
700 1 |a Lábaj, Martin, 1982- 
710 2 |a Národohospodárska fakulta EU. Katedra hospodárskej politiky